000 00182 a2200097 4500
020 _a30006516
041 _aeng
100 _aRick Warren
245 _aThe purpose Driven
942 _cBK
999 _c11690
_d11690